000
00334 a2200157 4500
001
76063
020
_a
9788502220911
040
_c
Anchieta - Colégio São Paulo
100
_a
Dolce, Osvaldo
240
1
0
_a
Matemática :
_l
por
245
1
0
_a
Matemática :
300
_a
384
362
0
_a
2014
650
4
_a
Matemática
942
_c
BK
999
_c
76063
_d
76063